000 00659nam a22002417a 4500
003 UA-OsUOA
001 122721
007 ta
008 20170516b un ||||| |||| 00| 0 ukr d
090 _a26
942 _cBK
040 _aUA-OsUOA
_beng
_cUA-OsUOA
_dUA-OsUOA
245 _aEssential Christianity
_ba Handbook of Basic Christian Doctrines
_cW. Martin
300 _a128 p.
955 _a1
041 _aeng
080 _a26
591 _aП. Скорупський
260 _aSanta Ana
_bVH
_c1980
650 7 _a26 Християнська Церква загалом
_2UDC
999 _c409247
_d409247